03874 2201885 4500001002100000008004100021035002000062245007400082100001900156250000600175260003000181300001200211084001400223082000800237650001500245990001200260990001200272990001200284990001200296990001200308990001200320990001200332990001200344990001200356990001200368990001200380990001200392990001200404990001200416990001200428990001200440990001200452990001200464990001200476990001200488990001200500990001200512990001200524990001200536990001200548990001200560990001200572990001200584990001200596990001200608990001200620990001200632990001200644990001200656990001200668990001200680990001200692990001200704990001200716990001200728990001200740990001200752990001200764990001200776990001200788990001200800990001200812990001200824990001200836990001200848990001200860990001200872990001200884990001200896990001200908990001200920990001200932990001200944990001200956990001200968990001200980990001200992990001201004990001201016990001201028990001201040990001201052990001201064990001201076990001201088990001201100990001201112990001201124990001201136990001201148990001201160990001201172990001201184990001201196990001201208990001201220990001201232990001201244990001201256990001201268990001201280990001201292990001201304990001201316990001201328990001201340990001201352990001201364990001201376990001201388990001201400990001201412990001201424990001201436990001201448990001201460990001201472990001201484990001201496990001201508990001201520990001201532990001201544990001201556990001201568990001201580990001201592990001201604990001201616990001201628990001201640990001201652990001201664990001201676990001201688990001201700990001201712990001201724990001201736990001201748990001201760990001201772990001201784990001201796990001201808990001201820990001201832990001201844990001201856990001201868990001201880990001201892990001201904990001201916990001201928990001201940990001201952990001201964990001201976INLIS000000000001393 ind  a0010-0724000013 aBuku Siswa Perspektif Matematika Kelas 2 Edisi RevisicRosihan Ari Y. aAri Y, Rosihan a1 aJakarta :bKEMDIBUDc2016 a294 hlm a510 ROS m a510 aBuku Siswa a0727375 a0727376 a0727377 a0727378 a0727379 a0727380 a0727381 a0727382 a0727383 a0727384 a0727385 a0727386 a0727387 a0727388 a0727389 a0727390 a0727391 a0727392 a0727393 a0727394 a0727395 a0727396 a0727397 a0727398 a0727399 a0727400 a0727401 a0727402 a0727403 a0727404 a0727405 a0727406 a0727407 a0727408 a0727409 a0727410 a0727411 a0727412 a0727413 a0727414 a0727415 a0727416 a0727417 a0727418 a0727419 a0727420 a0727421 a0727422 a0727423 a0727424 a0727425 a0727426 a0727427 a0727428 a0727429 a0727430 a0727431 a0727432 a0727433 a0727434 a0727435 a0727436 a0727437 a0727438 a0727439 a0727440 a0727441 a0727442 a0727443 a0727444 a0727445 a0727446 a0727447 a0727448 a0727449 a0727450 a0727451 a0727452 a0727453 a0727454 a0727455 a0727456 a0727457 a0727458 a0727459 a0727460 a0727461 a0727462 a0727463 a0727464 a0727465 a0727466 a0727467 a0727468 a0727469 a0727470 a0727471 a0727472 a0727473 a0727474 a0727475 a0727476 a0727477 a0727478 a0727479 a0727480 a0727481 a0727482 a0727483 a0727484 a0727485 a0727486 a0727487 a0727488 a0727489 a0727490 a0727491 a0727492 a0727493 a0727494 a0727495 a0727496 a0727497 a0727498 a0727499 a0727500 a0727501 a0727502 a0727503 a0727504 a0727505 a0727506 a0727507 a0727508 a0727509 a0727510 a0727511 a0727512 a0727513 a0727514 a0727515 a0727516 a0727517 a0727518